00482 a2200157 45000010006000000050017000060080041000230030015000640400040000790800027001192450096001462640032002423000019002740410008002931000023003016202220260407155914.0260407a1978 arg spa dAR-UNSa-BCEJYS aAR-UNSa-BCEJYSbspacAR-UNSa-BCEJYS a369xSeguridad social 10aDerecho de la seguridad socialpComplemento de actualización de la legislación nacional 1aBuenos Aires :bEDIARc1978 a142 p.c20 cm. aspa1 aEtala, Juan José